Most countries national animals - Statistics

General Stats
  • This quiz has been taken 31 times
  • The average score is 4 of 7
Answer Stats
Number of countries Answer % Correct
15 Lion
97%
9 Eagle
93%
4 Tiger
79%
3 Wolf
45%
3 Leopard
31%
5 Deer
28%
3 Bison
24%
No matching quizzes found
Score Distribution
Percent of People with Each Score
Percentile by Number Answered
Your Score History
You have not taken this quiz